Zelené investície bakalárska práca

Enregistré dans:
Détails bibliographiques
Auteur principal: Jamnický, Adam
Collectivité auteur: Národohospodárska fakulta EU. Katedra financií
Autres auteurs: Szakadátová, Estera, 1998-
Format: Livre
Langue:slovaque
Publié: Bratislava 2023
Tags: Ajouter un tag
Pas de tags, Soyez le premier à ajouter un tag!

MARC

LEADER 00000nbm a2200000 4500
001 0294686
005 20231109150024.0
041 0 |a slo 
044 |a SK 
245 1 0 |a Zelené investície  |b bakalárska práca  |c Adam Jamnický ; školiteľ: Estera Szakadátová 
264 1 |a Bratislava  |c 2023 
300 |a 63 s. 
100 1 |a Jamnický, Adam 
700 1 |a Szakadátová, Estera, 1998- 
710 2 |a Národohospodárska fakulta EU. Katedra financií